Introducción de construcción flexible a proyectos de vivienda de interés social
Shranjeno v:
| Glavni avtor: | |
|---|---|
| Format: | Knjiga |
| Izdano: |
[San José, Costa Rica]
2007
|
| Teme: | |
| Oznake: |
Označite
Brez oznak, prvi označite!
|
MARC
| LEADER | 00000nam a2200000Ia 4500 | ||
|---|---|---|---|
| 003 | 009926 | ||
| 005 | 20221231144108.0 | ||
| 008 | 140114s2007 cr a 000 ||s d | ||
| 040 | |c cru CEDI | ||
| 090 | |a TFG 5453 | ||
| 100 | |a Montero Quesada, Alejandra C. |9 4867 | ||
| 245 | |a Introducción de construcción flexible a proyectos de vivienda de interés social | ||
| 260 | |c 2007 |b [San José, Costa Rica] | ||
| 300 | |a 127, [6] hojas (algunas plegables); ilustraciones (algunas a color) | ||
| 500 | |a Tesis (licenciatura en ingeniería civil)--Universidad de Costa Rica. Facultad de Ingeniería. Escuela de Ingeniería Civil | ||
| 650 | |x VIVIENDA |x CONTROL DE COSTOS |x ADMINISTRACION DE PROYECTOS |x INDUSTRIA DE LA CONSTRUCCION |x ADMINISTRACION |9 4868 | ||
| 942 | |c TFG | ||
| 999 | |c 16822 |d 16822 | ||
